Obchod s drogami ako súčasť nezákonného medzinárodného obchodu
Šedá a čierna globálna ekonomika. Ópiové vojny. Obchod s drogami a boj proti nelegálnemu medzinárodnému obchodu.
Gespeichert in:
| 1. Verfasser: | |
|---|---|
| Weitere Verfasser: | |
| Format: | Buchkapitel |
| Sprache: | Slowakisch |
| Schlagworte: | |
| Tags: |
Keine Tags, Fügen Sie das erste Tag hinzu!
|
MARC
| LEADER | 00000nla a2200000 4500 | ||
|---|---|---|---|
| 001 | 0182459 | ||
| 005 | 20240502073125.6 | ||
| 041 | 0 | |a slo | |
| 044 | |a SK | ||
| 245 | 1 | 0 | |a Obchod s drogami ako súčasť nezákonného medzinárodného obchodu |c Marián Vongrej, Matej Kurka |
| 520 | |a Šedá a čierna globálna ekonomika. Ópiové vojny. Obchod s drogami a boj proti nelegálnemu medzinárodnému obchodu. | ||
| 610 | 2 | 0 | |a obchod medzinárodný |
| 610 | 2 | 0 | |a obchod nezákonný |
| 610 | 2 | 0 | |a drogy |
| 610 | 2 | 0 | |a globalizácia |
| 610 | 2 | 0 | |a trh |
| 610 | 2 | 0 | |a podvody |
| 610 | 2 | 0 | |a kontrola |
| 100 | 1 | |a Vongrej, Marián | |
| 700 | 1 | |a Kurka, Matej | |